000 00469nam a22001577a 4500
005 20231127082527.0
008 231127b |||||||| |||| 00| 0 eng d
020 _a0409029947
041 _aEnglish
082 _a340.1 ALE
100 _aAlexander, J
_lEnglish
245 _aClient Care :
_bButterworths Legal Practice Handbook /
_cJ Alexander
300 _bxii, 95 pages ;
_c25 cm.
650 _aLegal practice
_bLaw
942 _cBK
_6ALISON_BN_VRIES
999 _c966
_d966